Groupes de choses : Brésil - Statistiques

Statistiques générales
  • Ce quiz a été pris 211 fois
  • Le résultat moyen est 24 sur 45
Statistiques - réponses
Hint Réponse % Correct
Villes les plus peuplées Rio de Janeiro
98%
Pays limitrophes Argentine
94%
Villes les plus peuplées São Paulo
93%
Équipes de foot avec le plus de titres nationaux São Paulo FC
93%
Villes les plus peuplées Brasilia
92%
Pays limitrophes Colombie
92%
Pays limitrophes Uruguay
92%
Pays limitrophes Venezuela
92%
Pays limitrophes Bolivie
91%
Sports dans lesquels le Brésil a déjà gagné 1 médaille d'or olympique Football
91%
Pays limitrophes Paraguay
91%
Pays limitrophes Pérou
89%
Pays limitrophes Suriname
89%
Pays limitrophes Guyana
88%
Brésiliens vainqueurs du Ballon d'or Ronaldo
84%
Plus longs fleuves Amazone
83%
Pays limitrophes France
83%
Brésiliens vainqueurs du Ballon d'or Ronaldinho
71%
Présidents au XXIe siècle Luiz Inácio Lula da Silva
62%
Présidents au XXIe siècle Jair Bolsonaro
59%
Sports dans lesquels le Brésil a déjà gagné 1 médaille d'or olympique Volley-ball
57%
Sports dans lesquels le Brésil a déjà gagné 1 médaille d'or olympique Natation
54%
Brésiliens vainqueurs du Ballon d'or Kakà
53%
Sports dans lesquels le Brésil a déjà gagné 1 médaille d'or olympique Athlétisme
52%
Brésiliens vainqueurs du Ballon d'or Rivaldo
44%
Villes les plus peuplées Belo Horizonte
42%
Équipes de foot avec le plus de titres nationaux Santos
38%
Sports dans lesquels le Brésil a déjà gagné 1 médaille d'or olympique Judo
34%
Équipes de foot avec le plus de titres nationaux Flamengo
33%
Villes les plus peuplées Salvador da Bahia
32%
Sports dans lesquels le Brésil a déjà gagné 1 médaille d'or olympique Beach-volley
29%
Villes les plus peuplées Fortaleza
26%
Sports dans lesquels le Brésil a déjà gagné 1 médaille d'or olympique Boxe
24%
Sports dans lesquels le Brésil a déjà gagné 1 médaille d'or olympique Gymnastique
24%
Équipes de foot avec le plus de titres nationaux Palmeiras
22%
Sports dans lesquels le Brésil a déjà gagné 1 médaille d'or olympique Tir
22%
Sports dans lesquels le Brésil a déjà gagné 1 médaille d'or olympique Équitation
18%
Équipes de foot avec le plus de titres nationaux Corinthians
17%
Sports dans lesquels le Brésil a déjà gagné 1 médaille d'or olympique Voile
10%
Présidents au XXIe siècle Dilma Rousseff
8%
Plus longs fleuves Rio Paraná
8%
Plus longs fleuves Tocantins
5%
Présidents au XXIe siècle Michel Temer
4%
Plus longs fleuves São Francisco
4%
Présidents au XXIe siècle Fernando Henrique Cardoso
2%
Aucun quiz correspondant
Distribution des résultats
% des personnes avec chaque résultat
Percentile par nombre de réponses
Votre historique - résultats
Vous n’avez pas pris ce quiz